000 00788nam a2200265 i 4500
001 bg
100 1 _aSZWEYKOWSKA, Alicja.
245 1 0 _aBotanika.
_nT. 2,
_pSystematyka /
_cAlicja Szweykowska, Jerzy Szweykowski.
250 _aWyd. 5 [i. e. 6].
260 _aWarszawa :
_bWydaw. Naukowe PWN,
_c1999.
300 _a636, [4] s. :
_b3 fot., rys., wykr. ;
_c24 cm.
504 _aBibliogr. s. 604-606.
650 9 _aRośliny
_xsystematyka
655 _aPodręczniki akademickie
700 1 _aSZWEYKOWSKI, Jerzy
_d(1925- ).
020 _a8301109513 (t. 2)
020 _a8301109521 (2 t.)
040 _cBPK
041 0 _apl
080 _a582(075.8)
920 _a83-01-10951-3 (t. 2)
920 _a83-01-10952-1 (2 t.)
942 _cKS
008 s pl f |000 0 pol
999 _c37017
_d37017
856 _uhttp://koha.tu.koszalin.pl/cgi-bin/koha/opac-detail.pl?biblionumber=37017
_yKatalog online BPK